Statistics for Pixar Movies by Number of Letters

Click here to take the quiz!

General Stats

  • This quiz has been taken 90 times
  • The average score is 6 of 9

Answer Stats

HintAnswer% Correct
2Up
90%
11Finding Nemo, Monsters Inc, Ratatouille, Finding Dory
88%
8Toy Story, Toy Story 2, Toy Story 3
88%
4Cars, Cars 2
72%
5Wall-E, Brave
68%
9A Bugs Life, Inside Out,
66%
14The Incredibles
62%
18Monsters University
54%
15The Good Dinosaur
43%

Score Distribution

Percentile by Number Answered

Percent of People with Each Score

Your Score History

You have not taken this quiz